000 01167nam2a22002531 4500
001 RU\NLR\INFOCOMM31\5000109984
005 20250617043029.0
035 _a(NLR Aleph) 002448846
090 _a2144405
_c2144405
100 _a20050211d1890 |||y0rusy50 ca
101 0 _arus
102 _aRU
105 _ay ||||000|y
200 0 _aГ.55 1890, Т.2, №33
210 _d1890
_aБ. м.
421 0 _12001#$aЖанр и пейзаж$eАльбом
_1210##$aСпб.$d1890[Ценз.]
_1309##$a(Припл.)
_tЖанр и пейзаж
461 0 _1001RU\NLR\INFOCOMM31\5000109091
_12001#$aЖивописное обозрение$eИлл. журн. путешествий, открытий, исследований, изобретений и проч.$vГ.55 1890, Т.2, №33
_92144351
_cСПб.
_d1872-1902, 1904-1905
_oИлл. журн. путешествий, открытий, исследований, изобретений и проч.
_tЖивописное обозрение
_vГ.55 1890, Т.2, №33
801 1 _aRU
_bInfoComm
_c20050211
801 0 _aRU
_bNLR
_gPSBO
852 _aNLR
_j1/124низ
942 _cISSUE
980 _aNB
980 _aRUSPER